000
00291nam a2200121Ia 4500
005
20251222141806.0
008
251222s9999||||xx |||||||||||||| ||spa||
020
_a
958-625-527-1
082
_a
260/P77
245
0
_a
Agenda social:
264
_b
Consejo Episcopal Latinoamericano
942
_c
LIB
999
_c
6325
_d
6325